000 00426nas a2200157 a 4500
001 64211
003 136881
005 20201118110112.0
008 ||||||n9999 ||| || ||
041 _aspa
245 0 _aRevista Internacional del Trabajo - Vol.117 No.2
260 _aSuiza :
_bOficina Internacional del Trabajo-OIT,
_c1998.
562 _e1
773 _016670
_aRevista Internacional del Trabajo
942 _cSISS
999 _c64211
_d64211